| 000 | 00376nam a22001457a 4500 | ||
|---|---|---|---|
| 003 | SGT | ||
| 020 | _a9780323359726 | ||
| 082 |
_a617.695 _bI15H |
||
| 100 | _a Harry Dym | ||
| 245 | _aImplant Procedures for the General Dentist | ||
| 260 |
_aPhiladelphia, United States _bHealth Sciences Division _c2015 |
||
| 300 | _a255-527 | ||
| 650 | _aImplant Dentistry | ||
| 942 |
_2ddc _cBK |
||
| 999 |
_c18165 _d18165 |
||